| 000 | 01073cab a2200181 4500 | ||
|---|---|---|---|
| 001 | L129964 | ||
| 008 | 050610n2005 000 0 eng u | ||
| 035 | _a(Sirsi) u129964 | ||
| 041 | _aeng | ||
| 100 | _aO'Driscoll, Roderick | ||
| 245 |
_aWitness tips _bpart 2 |
||
| 260 | _c2005 | ||
| 490 |
_aSite Recorder _v123(1466) June 2005, 4(1) |
||
| 520 | _aGives further advice for those in construction disputes called to give evidence. Notes that it is important to make sure that statements given are always consistent and not contradicted by anything written in other records. It is also crucial that the full context of the evidence given is understood. This should be done in conjunction with the solicitor running the case who should provide up to date and relevant copies of all the other evidence they are presenting and the statement of the other witnesses giving evidence. (See also L129908 and L130337) | ||
| 590 | _aIKA040705 | ||
| 690 | _aMANAGEMENT-DISPUTE AVOIDANCE, MANAGEMENT AND RESOLUTION-DISPUTE MANAGEMENT AND RESOLUTION-EXPERT WITNESSES | ||
| 942 | _n0 | ||
| 999 |
_c75370 _d75370 |
||